中国内地哪些民族拥有本民族自治州?(扫雷) - Statistics

General Stats
  • This quiz has been taken 399 times
  • The average score is 9 of 18
Answers on the Grid
Answers color-coded by a green-red scale on the quiz's grid according to % correct below.
汉族
蒙古族
回族
藏族
维吾尔族
苗族
彝族
壮族
布依族
朝鲜族
满族
侗族
瑶族
白族
土家族
哈尼族
哈萨克族
傣族
黎族
傈僳族
佤族
畲族
高山族
拉祜族
水族
东乡族
纳西族
景颇族
柯尔克孜族
土族
达斡尔族
仫佬族
羌族
布朗族
撒拉族
毛南族
仡佬族
锡伯族
阿昌族
普米族
塔吉克族
怒族
乌孜别克族
俄罗斯族
鄂温克族
德昂族
保安族
裕固族
京族
塔塔尔族
独龙族
鄂伦春族
赫哲族
门巴族
珞巴族
基诺族
 
Answer Stats
Answer % Correct
蒙古族
87%
藏族
84%
回族
79%
苗族
58%
彝族
57%
朝鲜族
57%
土家族
47%
壮族
44%
布依族
43%
白族
40%
哈尼族
40%
哈萨克族
40%
傣族
39%
侗族
36%
傈僳族
36%
柯尔克孜族
31%
景颇族
26%
羌族
23%
No matching quizzes found
Score Distribution
Percent of People with Each Score
Percentile by Number Answered
Your Score History
You have not taken this quiz